[Event "Kolkata Open"]
[Site "Kolkata IND"]
[Date "2018.05.20"]
[Round "7.10"]
[White "Kantholi Rathnakaran"]
[Black "Arjun Erigaisi"]
[Result "0-1"]
[EventDate "2018.05.14"]
[WhiteElo "2377"]
[BlackElo "2488"]
[PlyCount "84"]

1. e4 c5 2. Nf3 e6 3. d4 cxd4 4. Nxd4 a6 5. c4 Nf6 6. Nc3 Bb4 7. Bd3 Nc6 8. Nf3 d6 9. O-O Bxc3 10. bxc3 Nd7 11. Be2 Nc5 12. Qc2 O-O 13. Be3 Qc7 14. Rad1 b6 15. Nd2 e5 16. f4 exf4 17. Rxf4 Ne5 18. Nb3 Ne6 19. Rh4 Bb7 20. Nd4 Nc5 21. Nf5 Rad8 22. Rd4 Ne6 23. Qc1 f6 24. Qe1 Nxd4 25. cxd4 Ng6 26. Rg4 Rfe8 27. Bd3 Bc8 28. Qg3 Kh8 29. Rxg6 hxg6 30. Nh4 g5 31. Nf3 b5 32. c5 Qd7 33. d5 dxc5 34. Bxc5 Qg4 35. Qc7 Qf4 36. d6 Bg4 37. Kf2 Bxf3 38. gxf3 g4 39. Be2 Qxh2+ 40. Ke1 gxf3 41. Bxf3 Rc8 42. Qf7 Rxc5 0-1

[Event "Kolkata Open"]
[Site "Kolkata IND"]
[Date "2018.05.19"]
[Round "6.6"]
[White "Arjun Erigaisi"]
[Black "Sarin Nihal"]
[Result "1/2-1/2"]
[EventDate "2018.05.14"]
[WhiteElo "2488"]
[BlackElo "2551"]
[PlyCount "30"]

1. d4 d5 2. c4 c6 3. cxd5 cxd5 4. Bg5 h6 5. Bh4 Qb6 6. Nc3 Qxb2 7. Nxd5 e6 8. Rb1 Qa3 9. Nc7+ Kd7 10. Nxa8 Bb4+ 11. Rxb4 Qxb4+ 12. Qd2 Qb1+ 13. Qd1 Qb4+ 14. Qd2 Qb1+ 15. Qd1 Qb4+ 1/2-1/2

[Event "Kolkata Open"]
[Site "Kolkata IND"]
[Date "2018.05.18"]
[Round "5.15"]
[White "Rahman Mohammad Fahad"]
[Black "Arjun Erigaisi"]
[Result "0-1"]
[EventDate "2018.05.14"]
[WhiteElo "2296"]
[BlackElo "2488"]
[PlyCount "90"]

1. e4 e6 2. d4 d5 3. Nc3 Bb4 4. Ne2 Nf6 5. e5 Nfd7 6. a3 Be7 7. b4 b6 8. Na4 c5 9. c3 Ba6 10. Nf4 Bxf1 11. Kxf1 Qc8 12. Be3 cxd4 13. cxd4 a5 14. g3 axb4 15. axb4 Bxb4 16. Kg2 b5 17. Qb1 Nc6 18. Nd3 Be7 19. Nc3 b4 20. Na4 O-O 21. Qb2 Qb7 22. Qe2 Ra5 23. Nab2 Rfa8 24. Rac1 Ncxe5 25. dxe5 d4+ 26. Qf3 Qxf3+ 27. Kxf3 dxe3 28. Rc7 Rd5 29. Kxe3 g5 30. Nc4 Bc5+ 31. Nxc5 Nxc5 32. Rb1 Ra2 33. Rb2 Rxb2 34. Nxb2 Rxe5+ 35. Kd4 Rd5+ 36. Kc4 Ne4 37. Kxb4 Nxf2 38. Rc2 Nd3+ 39. Nxd3 Rxd3 40. Kc4 Rd5 41. g4 Kg7 42. Re2 Kg6 43. h3 h5 44. Rf2 hxg4 45. hxg4 Rd1 0-1

[Event "Kolkata Open"]
[Site "Kolkata IND"]
[Date "2018.05.17"]
[Round "4.2"]
[White "Arjun Erigaisi"]
[Black "Ivan Rozum"]
[Result "0-1"]
[EventDate "2018.05.14"]
[WhiteElo "2488"]
[BlackElo "2581"]
[PlyCount "84"]

1. Nf3 b6 2. g3 Bb7 3. Bg2 e6 4. O-O d5 5. d4 Nd7 6. Bf4 Ngf6 7. Ne5 Be7 8. c4 O-O 9. Nc3 c6 10. Qb3 Nxe5 11. Bxe5 Qd7 12. Rfd1 Ba6 13. cxd5 cxd5 14. e4 Bc4 15. Qc2 Rac8 16. Bxf6 Bxf6 17. exd5 Bxd5 18. Bxd5 Qxd5 19. Nxd5 Rxc2 20. Nxf6+ gxf6 21. b3 Rd8 22. Rd3 Rd5 23. a4 Rf5 24. Rf1 Kf8 25. f4 Rh5 26. h4 Rd5 27. Rf2 Rc1+ 28. Kg2 h5 29. Kf3 Kg7 30. Re2 Kg6 31. Ke4 b5 32. axb5 Rxb5 33. Ra2 a5 34. Re2 Rf1 35. Rc2 Re1+ 36. Kf3 Rb1 37. Rcc3 Kf5 38. Re3 Rd1 39. Red3 Rxd3+ 40. Rxd3 Rd5 41. g4+ hxg4+ 42. Kg3 e5 0-1

[Event "Kolkata Open"]
[Site "Kolkata IND"]
[Date "2018.05.16"]
[Round "3.10"]
[White "Vantika Agrawal"]
[Black "Arjun Erigaisi"]
[Result "0-1"]
[EventDate "2018.05.14"]
[WhiteElo "2296"]
[BlackElo "2488"]
[PlyCount "120"]

1. Nf3 Nf6 2. g3 g6 3. Bg2 Bg7 4. d4 O-O 5. O-O d6 6. c4 Nbd7 7. Nc3 e5 8. e4 Re8 9. h3 exd4 10. Nxd4 Nc5 11. Re1 Bd7 12. Bf4 Qc8 13. Kh2 h5 14. b4 Ne6 15. Nxe6 Bxe6 16. Nd5 h4 17. Bh6 hxg3+ 18. fxg3 Nd7 19. Bxg7 Kxg7 20. c5 dxc5 21. bxc5 c6 22. Nf4 Ne5 23. Qd4 f6 24. Rad1 Bf7 25. a4 g5 26. Nd3 Qxh3+ 27. Bxh3 Nf3+ 28. Kg2 Nxd4 29. Rb1 Re7 30. Rb2 Nb3 31. Reb1 Na5 32. Bf5 Rd8 33. Nf2 Bg6 34. Bxg6 Kxg6 35. Rf1 Nc4 36. Re2 Rd2 37. Rxd2 Nxd2 38. Re1 Nb3 39. Nd3 Rd7 40. Re3 Nd4 41. g4 Ne6 42. Kg3 Rd4 43. e5 f5 44. gxf5+ Kxf5 45. a5 a6 46. Nf2 Nxc5 47. Rc3 Ne4+ 48. Nxe4 Rxe4 49. Rb3 Rxe5 50. Rxb7 Rxa5 51. Rb3 c5 52. Rc3 Rb5 53. Rc4 a5 54. Ra4 Ke5 55. Rg4 Rb4 56. Rxg5+ Kd4 57. Kf2 a4 58. Rg8 a3 59. Ra8 Rb2+ 60. Kf3 a2 0-1

[Event "Kolkata Open"]
[Site "Kolkata IND"]
[Date "2018.05.15"]
[Round "2.17"]
[White "Arjun Erigaisi"]
[Black "Arjun Tiwari"]
[Result "1-0"]
[EventDate "2018.05.14"]
[WhiteElo "2488"]
[BlackElo "2276"]
[PlyCount "63"]

1. d4 g6 2. e4 Bg7 3. Nf3 c6 4. Bd3 d5 5. e5 c5 6. dxc5 Nc6 7. Bb5 Bg4 8. Bf4 Nh6 9. Nc3 O-O 10. Qxd5 Bxf3 11. Qxf3 Nxe5 12. Qe4 Neg4 13. O-O e5 14. Bxh6 Nxh6 15. Qxb7 Nf5 16. Bc4 Nd4 17. Bb3 Kh8 18. Ne4 Rb8 19. Qxa7 Qh4 20. Nd6 e4 21. Nxf7+ Rxf7 22. Qxb8+ Rf8 23. Qd6 Rf5 24. Kh1 Be5 25. g3 Qh3 26. Qd8+ Kg7 27. Qh4 Qxh4 28. gxh4 Rf3 29. Rae1 Rh3 30. f4 Nf3 31. Rxf3 exf3 32. fxe5 1-0

[Event "Sharjah Masters"]
[Site "Sharjah UAE"]
[Date "2018.04.19"]
[Round "9.10"]
[White "Arjun Erigaisi"]
[Black "Bassem Amin"]
[Result "1/2-1/2"]
[EventDate "2018.04.12"]
[WhiteElo "2481"]
[BlackElo "2700"]
[PlyCount "160"]

1. d4 Nf6 2. c4 e6 3. Nf3 Bb4+ 4. Bd2 c5 5. Bxb4 cxb4 6. g3 b6 7. Bg2 Bb7 8. O-O a5 9. Qd3 d6 10. Nbd2 Qe7 11. e4 e5 12. a3 bxa3 13. Qxa3 Nc6 14. d5 Nb4 15. Rfc1 Nd7 16. Ne1 Nc5 17. Nb3 Nca6 18. Qa4+ Kf8 19. f4 f6 20. fxe5 fxe5 21. Qb5 Qd8 22. Nc2 Bc8 23. Nxb4 Nxb4 24. c5 dxc5 25. Qc4 Kf7 26. Rf1+ Kg6 27. Qc3 Re8 28. Nd2 Qe7 29. Nc4 Ba6 30. d6 Qe6 31. d7 Re7 32. Rfd1 Bxc4 33. d8=Q Rxd8 34. Rxd8 Nc6 35. Rf8 Nd4 36. Bh3 Ne2+ 37. Kg2 Qxh3+ 38. Kxh3 Nxc3 39. bxc3 Bb3 40. Rb8 Re6 41. Kg2 a4 42. Kf3 Rd6 43. Ke3 c4 44. Ke2 Kh6 45. Re8 Rd3 46. Rxe5 Rxc3 47. Re6+ g6 48. Rxb6 Rc2+ 49. Ke3 Rxh2 50. e5 c3 51. e6 Rh5 52. Kd4 Rd5+ 53. Kxc3 Re5 54. Rh1+ Kg5 55. Rxh7 Bxe6 56. Re7 Kf5 57. g4+ Kf6 58. Ra7 Kg5 59. Re7 Kf6 60. Ra7 Kg5 61. Raa6 Bxg4 62. Rxg6+ Kh5 63. Rg7 Re4 64. Rga7 Kg5 65. Rxa4 Rxa4 66. Rxa4 Be6 67. Kd4 Kf6 68. Ke4 Bf7 69. Kf4 Bg8 70. Ra6+ Kg7 71. Kg5 Kh8 72. Kg6 Bh7+ 73. Kf7 Bg8+ 74. Kf8 Bh7 75. Ra4 Bg6 76. Rg4 Bc2 77. Rg3 Bb1 78. Rg4 Bc2 79. Rh4+ Bh7 80. Rxh7+ Kxh7 1/2-1/2

[Event "Sharjah Masters"]
[Site "Sharjah UAE"]
[Date "2018.04.18"]
[Round "8.17"]
[White "Javokhir Sindarov"]
[Black "Arjun Erigaisi"]
[Result "1/2-1/2"]
[EventDate "2018.04.12"]
[WhiteElo "2431"]
[BlackElo "2481"]
[PlyCount "89"]

1. e4 c5 2. Nc3 d6 3. Bb5+ Nd7 4. f4 a6 5. Bxd7+ Bxd7 6. Nf3 g6 7. O-O Bg7 8. d3 Bc6 9. Qe1 Qc7 10. Be3 Nf6 11. h3 O-O 12. Ne2 Rae8 13. Qh4 d5 14. e5 d4 15. Bd2 Bxf3 16. Rxf3 Nd5 17. Re1 f5 18. Qf2 e6 19. h4 h5 20. a3 Kf7 21. Rc1 Rc8 22. Qe1 Rfd8 23. Kh1 Bf8 24. Rf1 Be7 25. Rb1 Qc6 26. Qf2 Rd7 27. Rfc1 Bd8 28. Ng1 b5 29. Nf3 Bb6 30. b3 Kg7 31. Qg3 c4 32. bxc4 bxc4 33. dxc4 Qxc4 34. Ng5 Qc6 35. Qb3 Ba7 36. Qf3 Bc5 37. c4 Ne3 38. Rb3 Ng4 39. Rcb1 Be7 40. Rb7 Rxb7 41. Rxb7 Kf8 42. Qxc6 Rxc6 43. Rb8+ Kg7 44. Rb7 Kf8 45. Rb8+ 1/2-1/2

[Event "Sharjah Masters"]
[Site "Sharjah UAE"]
[Date "2018.04.17"]
[Round "7.22"]
[White "Arjun Erigaisi"]
[Black "Nehad Nyazi"]
[Result "1-0"]
[EventDate "2018.04.12"]
[WhiteElo "2481"]
[BlackElo "2213"]
[PlyCount "55"]

1. d4 Nf6 2. c4 g6 3. Nc3 Bg7 4. e4 d6 5. Be2 O-O 6. Bg5 Na6 7. f4 c6 8. Qd2 Nc7 9. Bf3 Ne6 10. Bh4 c5 11. dxc5 Nxc5 12. Rc1 Qa5 13. Nge2 Be6 14. b3 Rfd8 15. h3 b5 16. cxb5 Bxb3 17. axb3 Nxb3 18. Qa2 Qxa2 19. Nxa2 Nxc1 20. Naxc1 Rab8 21. Nd4 Rd7 22. f5 Kf8 23. Ncb3 Ne8 24. O-O Nc7 25. Be2 d5 26. Ne6+ Kg8 27. Nxc7 Rxc7 28. Bg3 1-0

[Event "Sharjah Masters"]
[Site "Sharjah UAE"]
[Date "2018.04.16"]
[Round "6.21"]
[White "Seyed Kian Poormosavi"]
[Black "Arjun Erigaisi"]
[Result "1/2-1/2"]
[EventDate "2018.04.12"]
[WhiteElo "2218"]
[BlackElo "2481"]
[PlyCount "161"]

1. e4 e6 2. d4 d5 3. Nd2 Nf6 4. e5 Nfd7 5. Bd3 c5 6. c3 Nc6 7. Ngf3 g6 8. h4 h6 9. a3 a5 10. Nf1 Rb8 11. Qc2 Bg7 12. Ng3 Qe7 13. Qe2 Kd8 14. Bd2 c4 15. Bc2 b5 16. Nf1 Kc7 17. Ne3 Bb7 18. b4 Ra8 19. O-O Nb6 20. g3 Nb8 21. g4 N8d7 22. g5 h5 23. Rfb1 Ra7 24. Ng2 Rha8 25. Qe1 Bf8 26. Nf4 Qe8 27. Nh2 Be7 28. Nf1 Nf8 29. Qc1 Bc6 30. Qe1 Ra6 31. Bc1 axb4 32. cxb4 R8a7 33. Bb2 Qa8 34. Ne2 Na4 35. Bxa4 Rxa4 36. Qc1 Rb7 37. Nc3 Raa7 38. Ne3 Nd7 39. Nc2 Nb6 40. Qf4 Qe8 41. Ne3 Ra8 42. Bc1 Kd8 43. Bb2 Bf8 44. Re1 Qe7 45. Nc2 Ke8 46. Qf3 Ra6 47. Qf4 Qd8 48. Qf3 Raa7 49. Kh2 Nc8 50. Ne3 Bg7 51. Nf1 Qb6 52. Qf4 Ne7 53. Ng3 Rb8 54. Re3 Ng8 55. Rf3 Kd8 56. Rb1 Rba8 57. Bc1 Be8 58. Qd2 Ne7 59. Bb2 Nc6 60. Nd1 Qb8 61. Re3 Bf8 62. Ne2 Kc8 63. Kh1 Ra6 64. Rf3 R8a7 65. Qc3 Be7 66. Ne3 Qa8 67. Nc2 Bd8 68. Kg1 Bb6 69. Rf4 Kb8 70. Ng3 Bd8 71. Rd1 Ne7 72. Rf3 Nc8 73. Ne2 Nb6 74. Bc1 Na4 75. Qa1 Rd7 76. Nc3 Rb6 77. Nxa4 Qxa4 78. Qc3 Rc7 79. Re1 Rbc6 80. Ree3 Qb3 81. Qb2 1/2-1/2

[Event "Sharjah Masters"]
[Site "Sharjah UAE"]
[Date "2018.04.15"]
[Round "5.7"]
[White "Arjun Erigaisi"]
[Black "Arkadij Naiditsch"]
[Result "0-1"]
[EventDate "2018.04.12"]
[WhiteElo "2481"]
[BlackElo "2701"]
[PlyCount "104"]

1. d4 Nf6 2. c4 g6 3. Nc3 Bg7 4. e4 d6 5. Be2 O-O 6. Bg5 Na6 7. f4 c5 8. d5 h6 9. Bh4 Qa5 10. Qd2 b5 11. cxb5 Nc7 12. Nf3 a6 13. b6 Nb5 14. e5 dxe5 15. fxe5 Nd7 16. Bxe7 Re8 17. d6 Nxb6 18. Ne4 Qxd2+ 19. Kxd2 Rb8 20. Bxb5 axb5 21. Nf6+ Bxf6 22. exf6 Nc4+ 23. Kc3 Be6 24. Rae1 b4+ 25. Kc2 Bf5+ 26. Kc1 b3 27. a3 Rb6 28. Rd1 Ra8 29. Nd2 Nxd6 30. Bxd6 Rxd6 31. Nxb3 Rxf6 32. Nxc5 Rc6 33. b4 Rxa3 34. Kb2 Ra8 35. Rd4 h5 36. h3 Kg7 37. g4 Be6 38. Nxe6+ Rxe6 39. gxh5 Re2+ 40. Kb3 Re3+ 41. Kc4 Rc8+ 42. Kd5 f6 43. Rg4 g5 44. h4 Rd3+ 45. Ke4 Rcd8 46. Rf1 R8d4+ 47. Kf5 Rd5+ 48. Ke4 f5+ 49. Rxf5 R5d4+ 50. Ke5 Rxg4 51. hxg5 Re3+ 52. Kd6 Rxb4 0-1

[Event "Sharjah Masters"]
[Site "Sharjah UAE"]
[Date "2018.04.14"]
[Round "3.6"]
[White "Arjun Erigaisi"]
[Black "Eltaj Safarli"]
[Result "0-1"]
[EventDate "2018.04.12"]
[WhiteElo "2481"]
[BlackElo "2653"]
[PlyCount "106"]

1. Nf3 c5 2. c4 Nf6 3. g3 g6 4. Nc3 Bg7 5. Bg2 O-O 6. O-O Nc6 7. d4 cxd4 8. Nxd4 Qa5 9. Nb3 Qh5 10. c5 a5 11. a4 d5 12. cxd6 Rd8 13. Nb5 exd6 14. Nc7 Rb8 15. e4 Bg4 16. f3 Bh3 17. g4 Qh4 18. Bf4 Bxg2 19. Kxg2 Rbc8 20. Nb5 Ne8 21. Qd2 Qe7 22. Rac1 Qe6 23. Nxa5 Nxa5 24. Qxa5 Bxb2 25. Rxc8 Rxc8 26. Rf2 Be5 27. Bxe5 dxe5 28. Nc3 Nd6 29. Nd5 Nxe4 30. Re2 Nc5 31. Rd2 Nb3 32. Qb6 Nxd2 33. Qxe6 fxe6 34. Ne7+ Kf8 35. Nxc8 Nc4 36. Kf2 Ke8 37. Na7 Nd6 38. Ke3 g5 39. Kd3 Kd7 40. Kc3 Kc7 41. Kb4 Kb6 42. Nb5 Nxb5 43. axb5 Kc7 44. Kc5 Kd7 45. Kb6 Kc8 46. Ka7 Kc7 47. h3 h6 48. Ka8 Kb6 49. Kb8 Kxb5 50. Kxb7 Kc5 51. Kc7 Kd4 52. Kd6 e4 53. fxe4 e5 0-1

[Event "Sharjah Masters"]
[Site "Sharjah UAE"]
[Date "2018.04.14"]
[Round "4.17"]
[White "Amro El Jawich"]
[Black "Arjun Erigaisi"]
[Result "0-1"]
[EventDate "2018.04.12"]
[WhiteElo "2254"]
[BlackElo "2481"]
[PlyCount "46"]

1. e4 c5 2. Nf3 e6 3. d4 cxd4 4. Nxd4 a6 5. Nc3 Qc7 6. Be2 Nf6 7. O-O d6 8. Be3 Nbd7 9. f4 b5 10. f5 e5 11. Ne6 fxe6 12. fxe6 Nb6 13. Bh5+ Kd8 14. Bf7 Bb7 15. Nd5 Nbxd5 16. exd5 Be7 17. c4 bxc4 18. Rc1 Nxd5 19. Bf2 Nf4 20. Qa4 Ne2+ 21. Kh1 Bxg2+ 22. Kxg2 Qb7+ 23. Kh3 Qf3+ 0-1

[Event "Sharjah Masters"]
[Site "Sharjah UAE"]
[Date "2018.04.13"]
[Round "2.28"]
[White "Dey Mahitosh"]
[Black "Arjun Erigaisi"]
[Result "0-1"]
[EventDate "2018.04.12"]
[WhiteElo "1913"]
[BlackElo "2481"]
[PlyCount "64"]

1. Nf3 d5 2. g3 Bg4 3. Bg2 Nd7 4. O-O c6 5. d4 e6 6. Bf4 Ngf6 7. Nbd2 Be7 8. c4 O-O 9. c5 Re8 10. h3 Bh5 11. b4 a5 12. a3 Ne4 13. Nxe4 dxe4 14. Nd2 f5 15. f3 Nf6 16. Nc4 axb4 17. axb4 exf3 18. Bxf3 Bxf3 19. exf3 Nd5 20. Be5 f4 21. gxf4 Rxa1 22. Qxa1 Rf8 23. Qc1 Bf6 24. f5 Bxe5 25. dxe5 Qh4 26. f6 Qg3+ 27. Kh1 Qxh3+ 28. Kg1 Qg3+ 29. Kh1 Nxf6 30. Nd6 Nh5 31. f4 Qh4+ 32. Kg1 Nxf4 0-1

[Event "Sharjah Masters"]
[Site "Sharjah UAE"]
[Date "2018.04.12"]
[Round "1.35"]
[White "Arjun Erigaisi"]
[Black "Abdulaziz Ali"]
[Result "1-0"]
[EventDate "2018.04.12"]
[WhiteElo "2481"]
[BlackElo "1877"]
[PlyCount "53"]

1. d4 Nf6 2. Bg5 Ne4 3. Bf4 c5 4. f3 Nf6 5. dxc5 Qa5+ 6. Nc3 Qxc5 7. e4 d6 8. Qd2 a6 9. O-O-O Nbd7 10. g4 b5 11. g5 b4 12. Na4 Qa5 13. gxf6 Qxa4 14. fxe7 Bxe7 15. Bc4 Nb6 16. Bb3 Qc6 17. Ne2 a5 18. Bxd6 Bxd6 19. Qxd6 Qxd6 20. Rxd6 Rb8 21. Rhd1 Ke7 22. Nf4 Nd7 23. Rc6 Rd8 24. Nd5+ Ke8 25. Ba4 Kf8 26. Nb6 Rxb6 27. Rxb6 1-0

[Event "Dubai Open"]
[Site "Dubai UAE"]
[Date "2018.04.10"]
[Round "9.21"]
[White "Krishnan P Saravana"]
[Black "Arjun Erigaisi"]
[Result "1/2-1/2"]
[EventDate "2018.04.02"]
[WhiteElo "2312"]
[BlackElo "2481"]
[PlyCount "63"]

1. e4 e6 2. d4 d5 3. exd5 exd5 4. Nf3 Nf6 5. Bd3 Bd6 6. Qe2+ Be6 7. Ng5 Qd7 8. Nxe6 fxe6 9. Nd2 O-O 10. Nf3 c5 11. dxc5 Bxc5 12. Ne5 Qd6 13. O-O Nc6 14. Nxc6 bxc6 15. Bg5 e5 16. c3 e4 17. Bc2 Qe5 18. Be3 Bd6 19. g3 Qe6 20. Bd4 Nd7 21. f4 Rab8 22. b4 c5 23. bxc5 Bxc5 24. Bb3 Bxd4+ 25. cxd4 Kh8 26. Rac1 Rfc8 27. Kg2 e3 28. Rce1 Rc3 29. Rf3 Qe4 30. Kg1 Re8 31. Ba4 Re7 32. Bxd7 1/2-1/2

[Event "Dubai Open"]
[Site "Dubai UAE"]
[Date "2018.04.09"]
[Round "8.15"]
[White "Arjun Erigaisi"]
[Black "Mustafa Yilmaz"]
[Result "1/2-1/2"]
[EventDate "2018.04.02"]
[WhiteElo "2481"]
[BlackElo "2626"]
[PlyCount "113"]

1. Nf3 c5 2. c4 g6 3. Nc3 Bg7 4. g3 Nc6 5. Bg2 e5 6. O-O Nge7 7. a3 O-O 8. b4 d5 9. cxd5 Nxd5 10. Nxd5 Qxd5 11. Ng5 Qd4 12. Rb1 cxb4 13. axb4 Nxb4 14. d3 a5 15. Ne4 Re8 16. Bd2 Ra6 17. Be3 Qd8 18. Nc5 Ra7 19. Qa4 b6 20. Rxb4 bxc5 21. Bxc5 Bd7 22. Qa3 Bf8 23. Bxf8 Rxf8 24. Rbb1 Bg4 25. Rb2 Qc7 26. h3 Bd7 27. Kh2 Rc8 28. Bd5 Qc5 29. Qa2 Be8 30. e3 Kg7 31. Rfb1 a4 32. Rb7 Rc7 33. Rb8 Bc6 34. Bxc6 Qxc6 35. Qb2 Ra5 36. d4 Qf6 37. dxe5 Qxe5 38. Qb4 Qc5 39. Qh4 Qd5 40. R1b6 Qf3 41. Qd4+ Kh6 42. Rb2 Rc1 43. Qh4+ Kg7 44. Qd4+ Kh6 45. Qh4+ Rh5 46. Qf4+ Qxf4 47. exf4 Ra5 48. R2b7 Kg7 49. Rd7 Rc2 50. Rbb7 Rf5 51. Kg2 g5 52. Rd4 a3 53. Ra7 a2 54. Rda4 gxf4 55. Rxa2 Rxa2 56. Rxa2 fxg3 57. fxg3 1/2-1/2

[Event "Dubai Open"]
[Site "Dubai UAE"]
[Date "2018.04.08"]
[Round "7.10"]
[White "Eltaj Safarli"]
[Black "Arjun Erigaisi"]
[Result "1/2-1/2"]
[EventDate "2018.04.02"]
[WhiteElo "2653"]
[BlackElo "2481"]
[PlyCount "154"]

1. e4 e6 2. d4 d5 3. Bd3 dxe4 4. Bxe4 Nf6 5. Bf3 c5 6. Ne2 Nc6 7. Be3 cxd4 8. Nxd4 Ne5 9. Nc3 Bb4 10. Nb5 Qa5 11. O-O O-O 12. Be2 Rd8 13. Qc1 Bd7 14. a3 Bxc3 15. Nxc3 Ng6 16. Rd1 Bc6 17. Rxd8+ Rxd8 18. Qe1 Qf5 19. Rd1 Re8 20. Qd2 Nh4 21. Qd3 a6 22. Qxf5 Nxf5 23. Bg5 h6 24. Bxf6 gxf6 25. Na2 Rc8 26. Nb4 Be8 27. c3 a5 28. Nd3 Rd8 29. Nc5 Rxd1+ 30. Bxd1 Nd6 31. Be2 Kf8 32. Kf1 b6 33. Nb3 Ke7 34. Nd2 f5 35. f4 Bc6 36. g3 f6 37. Bd3 e5 38. Kf2 a4 39. Ke3 Ke6 40. Be2 Bd5 41. c4 Bc6 42. Bd1 Nb7 43. Nb1 Na5 44. Nd2 Kd6 45. Kd3 Kc5 46. Kc3 Bd7 47. Bc2 e4 48. Bxa4 Bxa4 49. b4+ Kd6 50. bxa5 e3 51. Nf3 bxa5 52. Nd4 Kc5 53. Ne6+ Kd6 54. Nd4 Kc5 55. Kd3 Bd1 56. Ne6+ Kd6 57. Nd4 Kc5 58. Ne6+ Kd6 59. Nd4 Kc5 60. Kxe3 Kxc4 61. Nxf5 h5 62. Kd2 Bg4 63. Ne7 Kb3 64. Nc6 a4 65. Kc1 Kxa3 66. Kb1 Kb3 67. Ne7 f5 68. Ng8 Kc3 69. Nf6 Kd4 70. Kb2 Bd1 71. h3 Kc5 72. Ka3 Kc4 73. Kb2 Kc5 74. Ka3 Kd6 75. Kb4 Bf3 76. Kxa4 Ke6 77. Nh7 Kd5 1/2-1/2

[Event "Dubai Open"]
[Site "Dubai UAE"]
[Date "2018.04.07"]
[Round "5.27"]
[White "Mohamed Tissir"]
[Black "Arjun Erigaisi"]
[Result "0-1"]
[EventDate "2018.04.02"]
[WhiteElo "2381"]
[BlackElo "2481"]
[PlyCount "65"]

1. e4 c5 2. Nf3 e6 3. d4 cxd4 4. Nxd4 Nc6 5. Nc3 Qc7 6. Nb3 a6 7. Bd3 b5 8. O-O Nf6 9. f4 d6 10. Qe2 Bb7 11. Bd2 g6 12. e5 dxe5 13. fxe5 Nd7 14. Bf4 Ncxe5 15. Be4 Bxe4 16. Qxe4 Qc6 17. a4 b4 18. Qxc6 Nxc6 19. Ne4 e5 20. Bg5 f5 21. Nf6+ Nxf6 22. Bxf6 Rg8 23. Rad1 Be7 24. Bxe7 Kxe7 25. Nc5 Rgd8 26. Rxd8 Rxd8 27. Nxa6 Ra8 28. Nc7 Rxa4 29. Rd1 Ra2 30. Nd5+ Kf7 31. Rb1 Ke6 32. c4 b3 33. Nc3 0-1

[Event "Dubai Open"]
[Site "Dubai UAE"]
[Date "2018.04.07"]
[Round "6.9"]
[White "Arjun Erigaisi"]
[Black "Bassem Amin"]
[Result "1/2-1/2"]
[EventDate "2018.04.02"]
[WhiteElo "2481"]
[BlackElo "2700"]
[PlyCount "45"]

1. Nf3 Nf6 2. c4 g6 3. g3 Bg7 4. Bg2 O-O 5. O-O d6 6. d4 Nc6 7. Nc3 a6 8. Qd3 e5 9. dxe5 dxe5 10. Qxd8 Rxd8 11. Bg5 Re8 12. Rfd1 h6 13. Bxf6 Bxf6 14. Nd2 Bd8 15. Nb3 a5 16. Nc5 f5 17. Bxc6 bxc6 18. e4 Kf7 19. Nd7 Ke6 20. Nc5+ Kf7 21. Nd7 Ke6 22. Nc5+ Kf7 23. Nd7 1/2-1/2

[Event "Dubai Open"]
[Site "Dubai UAE"]
[Date "2018.04.05"]
[Round "4.37"]
[White "Arjun Erigaisi"]
[Black "Garg Aradhya"]
[Result "1-0"]
[EventDate "2018.04.02"]
[WhiteElo "2481"]
[BlackElo "2218"]
[PlyCount "115"]

1. c4 e6 2. Nf3 Nf6 3. g3 a6 4. Bg2 d5 5. b3 Be7 6. O-O O-O 7. Bb2 c5 8. cxd5 exd5 9. d4 Nc6 10. Na3 Ne4 11. dxc5 Bxc5 12. Nc2 Qb6 13. e3 Rd8 14. Nfd4 a5 15. Rb1 Bd7 16. Qe2 Rac8 17. Nxc6 Qxc6 18. Rfd1 Bf8 19. Nd4 Qg6 20. Nf3 Bg4 21. h3 Bxf3 22. Bxf3 Nxg3 23. fxg3 Rc2 24. Qf1 Qxg3+ 25. Bg2 Qxe3+ 26. Kh1 Rf2 27. Qg1 Bc5 28. Rf1 Qg3 29. Rxf2 Bxf2 30. Qd1 Qg6 31. Rc1 Be3 32. Rc3 Bf4 33. Rd3 h6 34. Qf1 Bb8 35. Bd4 Rc8 36. Bg1 d4 37. Rxd4 b6 38. Rg4 Qd6 39. Rd4 Qg6 40. Qd1 Bc7 41. Rg4 Qf6 42. Qd7 Qe6 43. Qxe6 fxe6 44. Rc4 b5 45. Rc2 a4 46. bxa4 bxa4 47. Bh2 Rb8 48. Bxc7 Rb1+ 49. Kh2 a3 50. Bd6 Rb2 51. Rxb2 axb2 52. Be4 Kf7 53. Be5 g5 54. Bxb2 Ke7 55. a4 Kd6 56. a5 Kc5 57. a6 Kb6 58. Bd3 1-0

[Event "Dubai Open"]
[Site "Dubai UAE"]
[Date "2018.04.04"]
[Round "3.29"]
[White "Davorin Bubalovic"]
[Black "Arjun Erigaisi"]
[Result "1/2-1/2"]
[EventDate "2018.04.02"]
[WhiteElo "2187"]
[BlackElo "2481"]
[PlyCount "81"]

1. e4 e6 2. d4 d5 3. Nc3 Nf6 4. e5 Nfd7 5. f4 c5 6. Nf3 Nc6 7. Be3 a6 8. Qd2 b5 9. dxc5 Nxc5 10. Qf2 Nd7 11. Bd3 Be7 12. O-O O-O 13. Rae1 Bb7 14. Ne2 g6 15. Ned4 Kh8 16. Nxc6 Bxc6 17. Bd4 Bb7 18. f5 gxf5 19. Bxf5 Rg8 20. Bd3 Qc7 21. Qe3 Nc5 22. Bxc5 Bxc5 23. Nd4 Rg7 24. c3 Rag8 25. Re2 b4 26. Rf3 bxc3 27. bxc3 Qa5 28. Rc2 Bc6 29. Bf1 Bb5 30. Rcf2 Qa4 31. Qd2 Bxf1 32. Kxf1 Rg4 33. Rf4 Bxd4 34. cxd4 Qb5+ 35. Kg1 Qb1+ 36. Rf1 Rxg2+ 37. Qxg2 Rxg2+ 38. Kxg2 Qxa2+ 39. R1f2 Qb1 40. Rxf7 Qg6+ 41. Kf1 1/2-1/2

[Event "8th HD Bank Cup 2018"]
[Site "Hanoi VIE"]
[Date "2018.03.15"]
[Round "9.5"]
[White "Hao Wang"]
[Black "Erigaisi Arjun"]
[Result "1-0"]
[EventDate "?"]
[WhiteElo "2713"]
[BlackElo "2458"]
[PlyCount "88"]

1. c4 c6 2. d4 d5 3. Nf3 Nf6 4. e3 Bg4 5. Nc3 e6 6. Qb3 Qb6 7. Nh4 Bh5 8. h3 Qxb3 9. axb3 Na6 10. g4 Nb4 11. Ke2 g5 12. gxh5 gxh4 13. Bd2 b6 14. Na4 Na6 15. Bg2 Kd7 16. Bf3 Rg8 17. Nc3 Nc7 18. e4 dxe4 19. Nxe4 Nxe4 20. Bxe4 f5 21. Bf3 a5 22. Rhg1 Be7 23. Bf4 Na6 24. d5 cxd5 25. cxd5 Rae8 26. dxe6+ Kxe6 27. Bc6 Rxg1 28. Rxg1 Rc8 29. Bb5 Nc5 30. Bc4+ Kd7 31. Rg7 Ne6 32. Bb5+ Kd8 33. Rg8+ Bf8 34. Be5 Rc5 35. Bf6+ Kc7 36. Bc4 Nf4+ 37. Kf3 Bd6 38. Rg7+ Kc6 39. Ra7 Nxh3 40. Bxh4 h6 41. Ra8 Nf4 42. Rc8+ Kb7 43. Rxc5 bxc5 44. Bg3 1-0

[Event "8th HD Bank Cup 2018"]
[Site "Hanoi VIE"]
[Date "2018.03.14"]
[Round "8.8"]
[White "Erigaisi Arjun"]
[Black "Tingjie Lei"]
[Result "1/2-1/2"]
[EventDate "?"]
[WhiteElo "2458"]
[BlackElo "2545"]
[PlyCount "44"]

1. Nf3 d5 2. d4 Nf6 3. c4 c6 4. cxd5 cxd5 5. Nc3 Nc6 6. Bf4 Bf5 7. e3 e6 8. Bd3 Bxd3 9. Qxd3 Bd6 10. Bxd6 Qxd6 11. O-O O-O 12. Rac1 Rac8 13. h3 h6 14. Rfd1 Rfd8 15. Nd2 Ne7 16. Ne2 Rxc1 17. Rxc1 Rc8 18. a3 Rxc1+ 19. Nxc1 Qc6 20. Ne2 Nd7 21. Qc3 Qxc3 22. Nxc3 Kf8 1/2-1/2

[Event "8th HD Bank Cup 2018"]
[Site "Hanoi VIE"]
[Date "2018.03.14"]
[Round "7.5"]
[White "Jun Zhao"]
[Black "Erigaisi Arjun"]
[Result "1/2-1/2"]
[EventDate "?"]
[WhiteElo "2599"]
[BlackElo "2458"]
[PlyCount "76"]

1. c4 c6 2. Nf3 d5 3. e3 Nf6 4. Nc3 e6 5. Qc2 Bd6 6. b3 O-O 7. Be2 Nbd7 8. Bb2 b6 9. O-O Bb7 10. d4 Qe7 11. Rfe1 Rfe8 12. Rad1 Rad8 13. h3 dxc4 14. bxc4 e5 15. Nh4 g6 16. Nf3 Ba3 17. Ba1 Bd6 18. Rb1 Bc7 19. a4 h5 20. c5 Ba8 21. Bc4 Kg7 22. Ne4 Nxe4 23. Qxe4 Nf6 24. Qh4 e4 25. Ne5 Nd5 26. Qxe4 bxc5 27. Qc2 cxd4 28. Nf3 Kh6 29. Bxd4 c5 30. Ba1 Nb6 31. Bb5 Be4 32. Qc3 Rg8 33. Rbc1 Bxf3 34. gxf3 Qg5+ 35. Kh1 Qh4 36. Kg2 Qg5+ 37. Kh1 Qh4 38. Kg2 Qg5+ 1/2-1/2

[Event "8th HD Bank Cup 2018"]
[Site "Hanoi VIE"]
[Date "2018.03.13"]
[Round "6.3"]
[White "Erigaisi Arjun"]
[Black "Quang Liem Le"]
[Result "1/2-1/2"]
[EventDate "?"]
[WhiteElo "2458"]
[BlackElo "2736"]
[PlyCount "70"]

1. d4 Nf6 2. c4 e6 3. g3 d5 4. Nf3 dxc4 5. Bg2 c5 6. O-O Nc6 7. Qa4 Bd7 8. Qxc4 b5 9. Qd3 c4 10. Qd1 Rc8 11. a4 b4 12. Ne5 Na5 13. Bg5 Be7 14. Nd2 h6 15. Bxf6 Bxf6 16. Ne4 Be7 17. Rc1 Bc6 18. Nxc6 Rxc6 19. e3 O-O 20. Qe2 Rc7 21. Rfd1 Kh8 22. Nd2 Qc8 23. Qh5 f5 24. Nf3 Qe8 25. Qxe8 Rxe8 26. d5 Bf6 27. Nd4 exd5 28. Bxd5 g6 29. Rc2 Rec8 30. Kf1 c3 31. bxc3 Bxd4 32. exd4 Rd8 33. Be6 Rxc3 34. Rxc3 bxc3 35. Rc1 Rxd4 1/2-1/2